[Event "Sachsen-ch Seniors op"]
[Site "Dresden"]
[Date "2016.11.06"]
[Round "7"]
[White "Bulano, Alexander"]
[Black "Schiessl, Werner"]
[Result "0-1"]
[WhiteElo "1683"]
[BlackElo "1736"]
[PlyCount "85"]
[EventDate "2016.10.31"]
[EventType "swiss"]
[EventRounds "9"]
[EventCountry "GER"]
[SourceTitle "EXT 2019"]
[Source "ChessBase"]
[SourceDate "2018.10.10"]
[SourceVersion "1"]
[SourceVersionDate "2018.10.10"]
[SourceQuality "1"]

1. d4 e6 2. Nf3 Be7 3. Bf4 d6 4. c4 Nf6 5. Nc3 a6 6. Rc1 Bd7 7. e4 h6 8. Bd3 Nh7 9. Qc2 Ng5 10. Na4 Nxf3+ 11. gxf3 Nc6 12. Be3 Nb4 13. Qd1 Nxd3+ 14. Qxd3 Bxa4 15. Rg1 Bg5 16. f4 Bf6 17. Ke2 b5 18. Qa3 Qd7 19. b3 Bxb3 20. axb3 g5 21. e5 Be7 22. exd6 Bxd6 23. c5 Bxf4 24. Qb2 Qd5 25. c6 Bxe3 26. fxe3 Rg8 27. Rc5 Qd6 28. Rg2 f5 29. Qc2 Ke7 30. b4 Raf8 31. d5 Rg7 32. Rf2 g4 33. Qc3 e5 34. Qa1 Rgg8 35. Qb1 Rg5 36. Qa1 f4 37. Qf1 f3+ 38. Kd2 e4 39. Qb1 Rxd5+ 40. Ke1 Qe5 41. Rd2 f2+ 42. Kf1 Rfd8 43. Rcxd5 0-1

[Event "GER-chB Seniors 28th"]
[Site "Niederhausen"]
[Date "2016.08.17"]
[Round "5"]
[White "Diskin, Semen"]
[Black "Bulano, Alexander"]
[Result "1-0"]
[WhiteElo "1916"]
[BlackElo "1637"]
[PlyCount "83"]
[EventDate "2016.08.13"]
[EventType "swiss"]
[EventRounds "9"]
[EventCountry "GER"]
[SourceTitle "EXT 2019"]
[Source "ChessBase"]
[SourceDate "2018.10.10"]
[SourceVersion "1"]
[SourceVersionDate "2018.10.10"]
[SourceQuality "1"]

1. g3 g6 2. b3 Bg7 3. c3 d6 4. Bb2 Bd7 5. Bg2 Bc6 6. f3 e5 7. Na3 Ne7 8. Nh3 Nd7 9. Qc2 0-0 10. 0-0-0 f5 11. Ng5 Rf6 12. h4 h6 13. Nh3 a5 14. c4 Rf7 15. d4 exd4 16. Bxd4 Ne5 17. Nf4 Bd7 18. Nd3 N7c6 19. Nxe5 dxe5 20. Bc3 Nb4 21. Qd2 Qe7 22. Kb2 c6 23. Qd6 Qxd6 24. Rxd6 Kh7 25. Rhd1 Be8 26. Nb1 Re7 27. a3 Na6 28. Bxa5 f4 29. g4 Nc5 30. Bc3 Nd7 31. g5 Rf7 32. Bh3 Nc5 33. h5 Re7 34. gxh6 Bxh6 35. Rg1 g5 36. Bf5+ Kg7 37. Nd2 Bf7 38. Bb4 Na6 39. Rxh6 Nxb4 40. Rh7+ Kf6 41. Bg4 Na6 42. Ne4# 1-0

[Event "GER-chB Seniors 28th"]
[Site "Niederhausen"]
[Date "2016.08.13"]
[Round "1"]
[White "Peter, Volkhard"]
[Black "Bulano, Alexander"]
[Result "0-1"]
[WhiteElo "1828"]
[BlackElo "1637"]
[PlyCount "142"]
[EventDate "2016.08.13"]
[EventType "swiss"]
[EventRounds "9"]
[EventCountry "GER"]
[SourceTitle "EXT 2019"]
[Source "ChessBase"]
[SourceDate "2018.10.10"]
[SourceVersion "1"]
[SourceVersionDate "2018.10.10"]
[SourceQuality "1"]

1. e4 d6 2. d4 Nf6 3. Nc3 g6 4. Bg5 Bg7 5. e5 dxe5 6. dxe5 Qxd1+ 7. Rxd1 Nfd7 8. Nd5 Bxe5 9. Nf3 Bd6 10. Bxe7 Bxe7 11. Nxc7+ Kd8 12. Nxa8 Re8 13. Kd2 b6 14. Kc1 Bb7 15. Bb5 Bxa8 16. Ne5 Bg5+ 17. Kb1 Rxe5 18. Bxd7 Nxd7 19. Rd4 Re7 20. f3 f5 21. f4 Bf6 22. Rd2 Ke8 23. Rhd1 Bc6 24. g3 Kf7 25. c4 Bf3 26. Rxd7 Bxd1 27. Rxd1 Re2 28. Rd7+ Ke6 29. Rxa7 Rxb2+ 30. Kc1 Rxh2 31. Ra6 Bd4 32. a4 Kd7 33. a5 bxa5 34. Rxa5 Rg2 35. Rd5+ Kc6 36. Rxd4 Rxg3 37. Kd2 h5 38. Ke2 Kc5 39. Rd8 Kxc4 40. Kf2 Rg4 41. Kf3 Kc3 42. Rd7 h4 43. Rd8 Rg3+ 44. Kf2 Rg4 45. Kf3 Kc2 46. Rd7 Rg3+ 47. Kf2 Rd3 48. Rg7 h3 49. Rxg6 Rd2+ 50. Kg1 Kd3 51. Rg3+ Ke4 52. Rxh3 Kxf4 53. Rb3 Kg4 54. Kf1 f4 55. Ke1 Ra2 56. Rb4 Kg3 57. Rb8 Ra1+ 58. Kd2 f3 59. Rc8 Kf2 60. Rf8 Ra2+ 61. Kd1 Re2 62. Rh8 Re1+ 63. Kd2 Re6 64. Rg8 Kf1 65. Rg7 f2 66. Rg3 Re2+ 67. Kd1 Re5 68. Kd2 Rh5 69. Ke3 Rh2 70. Kd2 Rg2 71. Rb3 Kg1 0-1

[Event "GER-chB Seniors 27th"]
[Site "Magdeburg"]
[Date "2015.08.23"]
[Round "9"]
[White "Dobbert, Bernd"]
[Black "Bulano, Alexander"]
[Result "0-1"]
[WhiteElo "1318"]
[BlackElo "1634"]
[PlyCount "96"]
[EventDate "2015.08.15"]
[EventType "swiss"]
[EventRounds "9"]
[EventCountry "GER"]
[SourceTitle "EXT 2018"]
[Source "ChessBase"]
[SourceDate "2017.10.13"]
[SourceVersion "1"]
[SourceVersionDate "2017.10.13"]
[SourceQuality "1"]

1. Nf3 d6 2. d4 Nf6 3. g3 Nc6 4. c3 Bf5 5. Bg2 h6 6. h4 d5 7. Bf4 e6 8. Nbd2 Bd6 9. Bxd6 cxd6 10. Qb3 Qc7 11. c4 0-0 12. 0-0 Rab8 13. Rac1 Qa5 14. a3 Ne4 15. cxd5 Nxd2 16. Nxd2 Nxd4 17. Qe3 Nc2 18. Qc3 Qxc3 19. bxc3 Nxa3 20. Ra1 Nb5 21. dxe6 fxe6 22. c4 Nc3 23. e4 Bg4 24. f3 Bh5 25. Rxa7 Ne2+ 26. Kf2 Nd4 27. Ke3 e5 28. Rc1 Rfc8 29. Rb1 Rc7 30. Rb6 Rd7 31. Bh3 Rf7 32. g4 Bg6 33. Rxd6 Rf6 34. Rd5 Nc6 35. Ra1 Nb4 36. Rda5 Nc2+ 37. Kd3 Nxa1 38. Rxa1 Ra6 39. Rb1 Ra3+ 40. Kc2 Bf7 41. Rb5 Rd8 42. Kb2 Rad3 43. Nb3 Rxf3 44. Rxb7 Rxh3 45. c5 Bxb3 46. Rxb3 Rxb3+ 47. Kxb3 Kf7 48. Kc4 Ke7 0-1

[Event "GER-chB Seniors 27th"]
[Site "Magdeburg"]
[Date "2015.08.19"]
[Round "5"]
[White "Bulano, Alexander"]
[Black "Nemoj, Ilja"]
[Result "0-1"]
[WhiteElo "1634"]
[BlackElo "1783"]
[PlyCount "38"]
[EventDate "2015.08.15"]
[EventType "swiss"]
[EventRounds "9"]
[EventCountry "GER"]
[SourceTitle "EXT 2018"]
[Source "ChessBase"]
[SourceDate "2017.10.13"]
[SourceVersion "1"]
[SourceVersionDate "2017.10.13"]
[SourceQuality "1"]

1. d4 d5 2. Nf3 Nf6 3. c4 e6 4. Nc3 Bd7 5. Bg5 c6 6. cxd5 exd5 7. Ne5 Bd6 8. Qb3 Bc8 9. e4 0-0 10. exd5 cxd5 11. Nxd5 Qa5+ 12. Bd2 Qxd5 13. Bc4 Qe4+ 14. Kf1 Bxe5 15. dxe5 Qxe5 16. Re1 Qf5 17. Bb5 Ng4 18. f3 Rd8 19. Re4 Nh6 0-1

[Event "GER-chB Seniors 26th"]
[Site "Bad Neuenahr"]
[Date "2014.08.07"]
[Round "3"]
[White "Scholz, Herbert"]
[Black "Bulano, Alexander"]
[Result "1-0"]
[WhiteElo "1924"]
[BlackElo "1680"]
[PlyCount "87"]
[EventDate "2014.08.05"]
[EventType "swiss"]
[EventRounds "9"]
[EventCountry "GER"]
[SourceTitle "EXT 2018"]
[Source "ChessBase"]
[SourceDate "2017.10.13"]
[SourceVersion "1"]
[SourceVersionDate "2017.10.13"]
[SourceQuality "1"]

1. b3 e5 2. Bb2 d6 3. g3 Nf6 4. Bg2 Be7 5. c4 c6 6. Nc3 Bf5 7. e3 Na6 8. d3 Nb4 9. e4 Bg6 10. a3 Na6 11. Nge2 0-0 12. 0-0 Ng4 13. h3 Nh6 14. f4 f5 15. fxe5 dxe5 16. b4 Bg5 17. Kh1 Qe7 18. Qc2 Rad8 19. Rad1 fxe4 20. Rxf8+ Rxf8 21. Nxe4 Nf5 22. Rf1 Re8 23. Bc1 Ne3 24. Bxe3 Bxe3 25. N2c3 Nc7 26. Rf3 Bd4 27. Nd2 Ne6 28. Nce4 a5 29. Qb3 Ba7 30. c5 axb4 31. axb4 Kh8 32. Qc4 Bb8 33. Re3 Rd8 34. Nf3 Bf7 35. Nd6 Bxd6 36. cxd6 Qxd6 37. Nxe5 Bg8 38. Qh4 Nf8 39. Be4 Qf6 40. Qxf6 gxf6 41. Ng4 Kg7 42. Rf3 Rd6 43. Ne3 Ne6 44. Nf5+ 1-0

[Event "GER-chB Seniors 26th"]
[Site "Bad Neuenahr"]
[Date "2014.08.05"]
[Round "1"]
[White "Duerr, Hanno"]
[Black "Bulano, Alexander"]
[Result "1-0"]
[WhiteElo "1913"]
[BlackElo "1680"]
[PlyCount "71"]
[EventDate "2014.08.05"]
[EventType "swiss"]
[EventRounds "9"]
[EventCountry "GER"]
[SourceTitle "EXT 2018"]
[Source "ChessBase"]
[SourceDate "2017.10.13"]
[SourceVersion "1"]
[SourceVersionDate "2017.10.13"]
[SourceQuality "1"]

1. d4 d6 2. Nf3 Nf6 3. Nc3 c6 4. e4 Nbd7 5. Bg5 h6 6. Bh4 Qa5 7. Qd2 g5 8. Bg3 Nh5 9. Bc4 Nxg3 10. hxg3 Nf6 11. Nxg5 d5 12. exd5 cxd5 13. Bb3 Bg7 14. Nf3 Bd7 15. Ne5 e6 16. g4 Qc7 17. 0-0-0 a6 18. g5 Ng8 19. Rde1 hxg5 20. Rxh8 Bxh8 21. Nxd7 Kxd7 22. Qxg5 Bxd4 23. Nxd5 Qc5 24. Rd1 exd5 25. Qg4+ f5 26. Qxd4 Qxd4 27. Rxd4 Ne7 28. Bxd5 Kc7 29. Be6 Kc6 30. c3 Rh8 31. g3 Rh2 32. Rd2 Rh6 33. Bd7+ Kc5 34. b4+ Kc4 35. Kc2 Nc6 36. Bxf5 1-0

[Event "Leipzig VfB op 20th"]
[Site "Leipzig"]
[Date "2013.03.09"]
[Round "7"]
[White "Loyal, Martin"]
[Black "Bulano, Alexander"]
[Result "0-1"]
[WhiteElo "1153"]
[BlackElo "1725"]
[PlyCount "120"]
[EventDate "2013.03.05"]
[EventType "swiss"]
[EventRounds "9"]
[EventCountry "GER"]
[SourceTitle "EXT 2014"]
[Source "ChessBase"]
[SourceDate "2013.11.20"]
[SourceVersion "1"]
[SourceVersionDate "2013.11.20"]
[SourceQuality "1"]

1. c4 g6 2. d4 Bg7 3. e4 d6 4. Nf3 c5 5. Be2 Nc6 6. dxc5 dxc5 7. Qxd8+ Nxd8 8. Nc3 Bxc3+ 9. bxc3 Nf6 10. Bd3 Nc6 11. h3 0-0 12. Bf4 Rd8 13. Ke2 Na5 14. Bc7 Rxd3 15. Kxd3 b6 16. Rhd1 Be6 17. Nd2 Ne8 18. Bf4 Rd8+ 19. Kc2 Nc6 20. Nf1 Bxc4 21. Rxd8 Nxd8 22. Ne3 Be6 23. a3 Kg7 24. Rd1 Nc6 25. g4 h6 26. Bg3 f6 27. f3 Kf7 28. Nd5 Na5 29. Kb1 Nc4 30. a4 Ncd6 31. Bxd6 Nxd6 32. Kc2 Bd7 33. Kb3 c4+ 34. Ka3 Bc6 35. Nb4 Bb7 36. h4 g5 37. hxg5 hxg5 38. Rh1 Kg7 39. Re1 Nf7 40. Rd1 Ne5 41. Rd8 Nxf3 42. Rd7 Bc8 43. Rxe7+ Kg6 44. Rxa7 Bxg4 45. Nd5 Nd2 46. Nxb6 Be2 47. a5 Nxe4 48. Re7 Bf3 49. Nxc4 Nxc3 50. Kb3 Nd5 51. Re1 g4 52. Ne3 Kg5 53. a6 g3 54. Nxd5 Bxd5+ 55. Kc3 f5 56. Kd4 Bc6 57. a7 f4 58. Ke5 Kg4 59. Rd1 g2 60. Rd8 f3 0-1

[Event "Leipzig VfB op 20th"]
[Site "Leipzig"]
[Date "2013.03.06"]
[Round "3"]
[White "Weimert, Miriam"]
[Black "Bulano, Alexander"]
[Result "0-1"]
[WhiteElo "1132"]
[BlackElo "1725"]
[PlyCount "80"]
[EventDate "2013.03.05"]
[EventType "swiss"]
[EventRounds "9"]
[EventCountry "GER"]
[SourceTitle "EXT 2014"]
[Source "ChessBase"]
[SourceDate "2013.11.20"]
[SourceVersion "1"]
[SourceVersionDate "2013.11.20"]
[SourceQuality "1"]

1. e4 d6 2. d4 Nf6 3. Nc3 e5 4. d5 Be7 5. Nf3 0-0 6. Be2 Nbd7 7. 0-0 c6 8. h3 Nc5 9. Be3 Ncxe4 10. Nxe4 Nxe4 11. c4 Nf6 12. Rc1 e4 13. Nd2 Bf5 14. f3 exf3 15. Nxf3 cxd5 16. cxd5 Be4 17. Bd4 Qa5 18. Ng5 Bxd5 19. Rf5 Qxa2 20. Bxf6 Bb3 21. Qd2 Bxf6 22. Ne4 Bxb2 23. Ra5 Bd4+ 24. Kh1 Qxd2 25. Nxd2 Be6 26. Nf3 Bb6 27. Raa1 h6 28. Rd1 Rfd8 29. Ra3 Kf8 30. Rad3 Ke7 31. Nd4 Bc5 32. Re1 Bxd4 33. Rxd4 a5 34. Bg4 Kf6 35. Rf1+ Kg6 36. Rd3 Bxg4 37. Rg3 h5 38. hxg4 h4 39. Rh3 b5 40. Rxh4 Rh8 0-1

[Event "GER-ch Seniors"]
[Site "Dresden"]
[Date "2012.08.17"]
[Round "9"]
[White "Smits, Oswald"]
[Black "Bulano, Alexander"]
[Result "1-0"]
[WhiteElo "1922"]
[BlackElo "1762"]
[PlyCount "61"]
[EventDate "2012.08.09"]
[EventType "swiss"]
[EventRounds "9"]
[EventCountry "GER"]
[SourceTitle "EXT 2014"]
[Source "ChessBase"]
[SourceDate "2013.11.20"]
[SourceVersion "1"]
[SourceVersionDate "2013.11.20"]
[SourceQuality "1"]

1. d4 Nf6 2. Nf3 d6 3. e3 Nbd7 4. Bd3 e5 5. Nbd2 Qe7 6. dxe5 dxe5 7. e4 g6 8. Nb3 Bg7 9. 0-0 0-0 10. h3 a5 11. a4 Nb6 12. Be3 Rd8 13. Bc5 Qe8 14. Be3 Nxe4 15. Qe1 f5 16. Bxb6 cxb6 17. Bxe4 fxe4 18. Qxe4 Qe7 19. Nbd2 Bf5 20. Qc4+ Kh8 21. Ne4 Rac8 22. Qe2 Qb4 23. Rfe1 Qxb2 24. Rab1 Qxc2 25. Qxc2 Rxc2 26. Rxb6 Rc4 27. Neg5 Bd7 28. g4 Bxg4 29. hxg4 Rxg4+ 30. Kf1 h6 31. Ne6 1-0

[Event "GER-ch Seniors"]
[Site "Dresden"]
[Date "2012.08.16"]
[Round "8"]
[White "Bulano, Alexander"]
[Black "Goldinger, Josef"]
[Result "0-1"]
[WhiteElo "1762"]
[BlackElo "1969"]
[PlyCount "98"]
[EventDate "2012.08.09"]
[EventType "swiss"]
[EventRounds "9"]
[EventCountry "GER"]
[SourceTitle "EXT 2014"]
[Source "ChessBase"]
[SourceDate "2013.11.20"]
[SourceVersion "1"]
[SourceVersionDate "2013.11.20"]
[SourceQuality "1"]

1. d4 f5 2. g3 Nf6 3. Bg2 e6 4. c4 c6 5. Nc3 d5 6. cxd5 cxd5 7. Bf4 Nc6 8. Nf3 Bb4 9. 0-0 0-0 10. Rc1 a6 11. e3 Be7 12. Ne5 Ne4 13. Nxc6 bxc6 14. Nxe4 fxe4 15. Rxc6 Bd7 16. Rc3 Bb5 17. Bh3 Rf6 18. Re1 Bb4 19. Bg5 Bxc3 20. bxc3 Qe7 21. a4 Bd7 22. Qb3 Raf8 23. c4 dxc4 24. Qxc4 Qf7 25. Bxf6 Qxf6 26. f4 exf3 27. Rf1 f2+ 28. Kh1 Qf3+ 29. Bg2 Qxe3 30. d5 exd5 31. Bxd5+ Kh8 32. Bg2 h5 33. Qxa6 Bg4 34. Qd6 Rf6 35. Qb8+ Kh7 36. Qb1+ Bf5 37. Qd1 g6 38. Qd8 Rf7 39. Qd5 Be6 40. Qc6 Kg7 41. Be4 Qe2 42. Kg2 Bh3+ 43. Kxh3 Qxf1+ 44. Kh4 g5+ 45. Kxg5 Qh3 46. Qc3+ Kg8 47. Bh7+ Kxh7 48. Qd3+ Qf5+ 49. Qxf5+ Rxf5+ 0-1

[Event "GER-ch Seniors"]
[Site "Dresden"]
[Date "2012.08.11"]
[Round "3"]
[White "Klein, Alfred"]
[Black "Bulano, Alexander"]
[Result "1/2-1/2"]
[WhiteElo "1719"]
[BlackElo "1762"]
[PlyCount "115"]
[EventDate "2012.08.09"]
[EventType "swiss"]
[EventRounds "9"]
[EventCountry "GER"]
[SourceTitle "EXT 2014"]
[Source "ChessBase"]
[SourceDate "2013.11.20"]
[SourceVersion "1"]
[SourceVersionDate "2013.11.20"]
[SourceQuality "1"]

1. c4 Nf6 2. Nc3 d6 3. Nf3 c6 4. g3 e5 5. d3 Be7 6. Bg2 0-0 7. 0-0 Nbd7 8. Qc2 h6 9. Re1 Re8 10. b3 Qc7 11. Bb2 Rb8 12. Rac1 Nf8 13. e3 Bf5 14. e4 Bg4 15. h3 Bxf3 16. Bxf3 Ng6 17. Kh2 Nh7 18. h4 Qd8 19. Bg2 Bxh4 20. Qe2 Bg5 21. Rcd1 Ngf8 22. Bc1 Ne6 23. Bxg5 Nhxg5 24. Qg4 Qa5 25. Rc1 Nd4 26. f4 exf4 27. gxf4 Nh7 28. Ne2 Nxe2 29. Rxe2 Re6 30. f5 Nf6 31. Qh4 Qe5+ 32. Kh1 Ree8 33. Rf1 Qd4 34. Rf3 Re7 35. Rg3 Kf8 36. Bf3 Ng8 37. Reg2 f6 38. Rg6 Rc8 39. Qg3 Rcc7 40. Bh5 Qa1+ 41. Kh2 Qe5 42. Kh3 d5 43. Bf3 dxc4 44. dxc4 Rcd7 45. Qg4 a5 46. Kh4 Qc3 47. Kh3 Qa1 48. Qf4 Qh1+ 49. Kg3 Re5 50. Qg4 h5 51. Qh3 Qxh3+ 52. Kxh3 Rd3 53. R2g3 Re7 54. Kh4 Rf7 55. Bxh5 Rxg3 56. Rxg3 Rd7 57. Rg2 Rd4 58. Re2 1/2-1/2

[Event "GER-ch Seniors"]
[Site "Dresden"]
[Date "2012.08.10"]
[Round "2"]
[White "Bulano, Alexander"]
[Black "Merettig, Georg"]
[Result "0-1"]
[WhiteElo "1762"]
[BlackElo "1928"]
[PlyCount "78"]
[EventDate "2012.08.09"]
[EventType "swiss"]
[EventRounds "9"]
[EventCountry "GER"]
[SourceTitle "EXT 2014"]
[Source "ChessBase"]
[SourceDate "2013.11.20"]
[SourceVersion "1"]
[SourceVersionDate "2013.11.20"]
[SourceQuality "1"]

1. d4 Nc6 2. c4 f5 3. Nc3 e5 4. d5 Nce7 5. Nf3 Ng6 6. h4 h5 7. Qc2 e4 8. Bg5 Be7 9. Bxe7 Qxe7 10. Ng5 Nxh4 11. Qd2 Ng6 12. Nb5 d6 13. Qa5 b6 14. Qd2 Ne5 15. b3 Ng4 16. Qf4 a6 17. Nd4 Qf6 18. e3 Ne7 19. Nh3 Bd7 20. Qg5 Qf7 21. Nf4 g6 22. Nfe6 Rc8 23. Be2 c5 24. Bxg4 fxg4 25. Ne2 Bxe6 26. dxe6 Qxe6 27. 0-0-0 Rf8 28. Nf4 Qe5 29. Qxe5 dxe5 30. Nd5 Rxf2 31. Nc3 Rd8 32. Rxd8+ Kxd8 33. g3 Nf5 34. Nxe4 Rxa2 35. Kb1 Re2 36. Rd1+ Ke7 37. Rd5 Rxe3 38. Rxe5+ Kf8 39. Re6 Nxg3 0-1

[Event "GER-ch Seniors"]
[Site "Dresden"]
[Date "2012.08.09"]
[Round "1"]
[White "Schwagrowski, Bernd"]
[Black "Bulano, Alexander"]
[Result "0-1"]
[WhiteElo "1642"]
[BlackElo "1762"]
[PlyCount "75"]
[EventDate "2012.08.09"]
[EventType "swiss"]
[EventRounds "9"]
[EventCountry "GER"]
[SourceTitle "EXT 2014"]
[Source "ChessBase"]
[SourceDate "2013.11.20"]
[SourceVersion "1"]
[SourceVersionDate "2013.11.20"]
[SourceQuality "1"]

1. Nf3 Nf6 2. d4 d6 3. Bf4 Nbd7 4. h3 c6 5. Nbd2 Qa5 6. e3 Ne4 7. a3 Ndf6 8. Bd3 Nxd2 9. Qxd2 Qb6 10. b4 h6 11. 0-0 g5 12. Bh2 Bg7 13. c4 g4 14. c5 Qd8 15. hxg4 Bxg4 16. Nh4 Nd5 17. Rac1 dxc5 18. Rxc5 e6 19. g3 Bf6 20. Ng2 Be7 21. Rc4 Bf3 22. Ne1 Bg4 23. Ng2 Bd6 24. Be2 h5 25. Kh1 Bh3 26. Qe1 Qg5 27. Qd1 h4 28. Nxh4 Rxh4 29. Rg1 Rh8 30. Rc1 Qh6 31. Bf3 Bf5 32. Rg2 Kd7 33. e4 Bh3 34. Qg1 Bf4 35. Rc2 Bg4 36. exd5 Bxf3 37. Rb2 Kc7 38. Qf1 0-1

[Event "Leipzig VfB op 19th"]
[Site "Leipzig"]
[Date "2012.03.10"]
[Round "8"]
[White "Urban, Thomas"]
[Black "Bulano, Alexander"]
[Result "0-1"]
[WhiteElo "1428"]
[BlackElo "1758"]
[PlyCount "123"]
[EventDate "2012.03.06"]
[EventType "swiss"]
[EventRounds "9"]
[EventCountry "GER"]
[SourceTitle "CBM 147 Extra"]
[Source "ChessBase"]
[SourceDate "2012.04.24"]
[SourceVersion "1"]
[SourceVersionDate "2012.04.24"]
[SourceQuality "1"]

1. e4 d6 2. d4 Nf6 3. Nd2 e5 4. c3 Be7 5. Bc4 Be6 6. Bxe6 fxe6 7. Ne2 0-0 8. 0-0 Ng4 9. f4 Ne3 10. Qe1 Nxf1 11. Qxf1 Nc6 12. Nf3 exf4 13. Bxf4 Qd7 14. e5 d5 15. Qf2 Rf7 16. Rf1 Raf8 17. Qg3 Na5 18. Ng5 Bxg5 19. Qxg5 Rf5 20. Qg4 Qf7 21. Rf3 Qg6 22. Rg3 Qxg4 23. Rxg4 Nc6 24. g3 Kf7 25. Kg2 h5 26. Rg5 Rxg5 27. Bxg5 Kg6 28. h4 Kf5 29. Bf4 Ke4 30. Nc1 a5 31. Kf2 a4 32. Ke2 b5 33. a3 Na5 34. Nd3 Nc4 35. Nc5+ Kf5 36. Bc1 Rf7 37. Nd3 Kg4 38. Bf4 c6 39. Nf2+ Kf5 40. Nd3 Rf8 41. Kf3 Na5 42. Nc5 Rc8 43. Bg5 Nb3 44. Nxb3 axb3 45. Be7 Rc7 46. Bg5 c5 47. dxc5 Rxc5 48. Bf4 Rc4 49. Ke3 Re4+ 50. Kd3 Ra4 51. Ke3 Rxa3 52. Kd4 Ra2 53. Bc1 Ra1 54. Kc5 Rxc1 55. Kb4 Kxe5 56. Kxb3 Kd6 57. Kb4 Kc6 58. g4 e5 59. g5 e4 60. g6 e3 61. b3 e2 62. Ka3 0-1

[Event "Leipzig VfB op 19th"]
[Site "Leipzig"]
[Date "2012.03.07"]
[Round "2"]
[White "Peschke, Uwe"]
[Black "Bulano, Alexander"]
[Result "1-0"]
[WhiteElo "2062"]
[BlackElo "1758"]
[PlyCount "39"]
[EventDate "2012.03.06"]
[EventType "swiss"]
[EventRounds "9"]
[EventCountry "GER"]
[SourceTitle "CBM 147 Extra"]
[Source "ChessBase"]
[SourceDate "2012.04.24"]
[SourceVersion "1"]
[SourceVersionDate "2012.04.24"]
[SourceQuality "1"]

1. Nf3 Nf6 2. g3 d6 3. d4 Nbd7 4. Bg2 e5 5. c4 Be7 6. Nc3 exd4 7. Nxd4 Ne5 8. 0-0 Nxc4 9. Qa4+ c6 10. Qxc4 d5 11. Qd3 0-0 12. Rd1 Re8 13. Nb3 h6 14. e4 Bb4 15. Be3 Bxc3 16. bxc3 Nxe4 17. Bxe4 Rxe4 18. Qxe4 dxe4 19. Rxd8+ Kh7 20. Rad1 1-0

[Event "Leipzig VfB op 18th"]
[Site "Leipzig"]
[Date "2011.03.27"]
[Round "9"]
[White "Bulano, Alexander"]
[Black "Mueller, Marius"]
[Result "0-1"]
[WhiteElo "1781"]
[BlackElo "1965"]
[PlyCount "64"]
[EventDate "2011.03.20"]
[EventType "swiss"]
[EventRounds "9"]
[EventCountry "GER"]
[SourceTitle "CBM 141 Extra"]
[Source "ChessBase"]
[SourceDate "2011.05.03"]
[SourceVersion "1"]
[SourceVersionDate "2011.05.03"]
[SourceQuality "1"]

1. d4 d5 2. c4 e6 3. Nc3 f5 4. Bf4 c6 5. e3 Nf6 6. a3 Be7 7. Nf3 0-0 8. Be2 Ne4 9. Qc2 Nd7 10. cxd5 exd5 11. 0-0 g5 12. Bg3 Nxc3 13. bxc3 f4 14. exf4 gxf4 15. Bd3 h6 16. Bxf4 Rxf4 17. Bh7+ Kh8 18. Qg6 Rf6 19. Qc2 Nf8 20. Bd3 Be6 21. Rae1 Rxf3 22. gxf3 Bh3 23. Re5 Bxf1 24. Kxf1 Bf6 25. Rh5 Bg7 26. Qb1 Qe7 27. Qc1 Ne6 28. Rxh6+ Bxh6 29. Qxh6+ Kg8 30. Qg6+ Kf8 31. Bf5 Re8 32. Qh6+ Qg7 0-1

[Event "Leipzig VfB op 18th"]
[Site "Leipzig"]
[Date "2011.03.26"]
[Round "7"]
[White "Laube, Soeren"]
[Black "Bulano, Alexander"]
[Result "0-1"]
[WhiteElo "1990"]
[BlackElo "1781"]
[PlyCount "120"]
[EventDate "2011.03.20"]
[EventType "swiss"]
[EventRounds "9"]
[EventCountry "GER"]
[SourceTitle "CBM 141 Extra"]
[Source "ChessBase"]
[SourceDate "2011.05.03"]
[SourceVersion "1"]
[SourceVersionDate "2011.05.03"]
[SourceQuality "1"]

1. e4 d6 2. d4 Nf6 3. Nc3 e5 4. dxe5 dxe5 5. Qxd8+ Kxd8 6. Bg5 Be6 7. 0-0-0+ Nbd7 8. Nf3 Kc8 9. Be2 Bc5 10. Bh4 Ng4 11. Rhf1 f6 12. h3 Nh6 13. Nd2 a6 14. Nb3 Bb4 15. Nd5 Bd6 16. Bg3 Nf7 17. f4 exf4 18. Bxf4 Nfe5 19. c4 Nc5 20. Nb6+ cxb6 21. Rxd6 Bxc4 22. Bxc4 Nxc4 23. Rd4 Nxb3+ 24. axb3 Na5 25. Kb1 Rd8 26. Rc1+ Nc6 27. Rdc4 Kd7 28. g4 b5 29. Rc5 Rac8 30. h4 Ke6 31. g5 Rd4 32. gxf6 gxf6 33. Re1 Rcd8 34. Rh5 R8d7 35. Kc1 Nb4 36. Rf1 Rxe4 37. Bd2 Rc7+ 38. Bc3 Na2+ 39. Kd2 Rd7+ 40. Kc2 Re2+ 41. Kb1 Nxc3+ 42. bxc3 Re5 43. Rh6 Rf7 44. Kb2 Ke7 45. Ka3 b6 46. Rf4 Re6 47. Rf5 Rc6 48. Kb2 Rc5 49. Rf4 Ke6 50. Kc2 Re5 51. Rf2 a5 52. Rd2 Rc7 53. Rd8 b4 54. c4 b5 55. Re8+ Kf5 56. Rxe5+ Kxe5 57. Kd3 bxc4+ 58. bxc4 a4 59. Rh5+ f5 60. Rh6 Rb7 0-1

[Event "Leipzig VfB op 18th"]
[Site "Leipzig"]
[Date "2011.03.23"]
[Round "3"]
[White "Bulano, Alexander"]
[Black "Just, Gabriele"]
[Result "0-1"]
[WhiteElo "1781"]
[BlackElo "1948"]
[PlyCount "80"]
[EventDate "2011.03.20"]
[EventType "swiss"]
[EventRounds "9"]
[EventCountry "GER"]
[SourceTitle "CBM 141 Extra"]
[Source "ChessBase"]
[SourceDate "2011.05.03"]
[SourceVersion "1"]
[SourceVersionDate "2011.05.03"]
[SourceQuality "1"]

1. d4 e6 2. c4 f5 3. Nf3 Bb4+ 4. Nc3 Nf6 5. a3 Bxc3+ 6. bxc3 d6 7. Qb3 0-0 8. a4 Re8 9. Bg5 Nc6 10. a5 e5 11. d5 Nb8 12. e3 Nbd7 13. Be2 Nc5 14. Qc2 Bd7 15. Nd2 h6 16. Bxf6 Qxf6 17. 0-0 Re7 18. Rfb1 Rf8 19. f3 Qg5 20. Nf1 f4 21. e4 Bh3 22. Kf2 Bxg2 23. Nd2 Bh3 24. Bf1 Qh4+ 25. Ke2 Bd7 26. h3 Bxh3 27. Bxh3 Qxh3 28. Rf1 Rf6 29. Rf2 Rg6 30. Raf1 Rg2 31. Qb1 g5 32. a6 b6 33. Rxg2 Qxg2+ 34. Rf2 Qh3 35. Nf1 g4 36. fxg4 Qxg4+ 37. Ke1 Rg7 38. Qc2 f3 39. Kd1 Nxe4 40. Ne3 Nxf2+ 0-1

[Event "Leutersdorf Sparkasse op 15th"]
[Site "Leutersdorf"]
[Date "2011.02.19"]
[Round "4"]
[White "Hurtig, Frank"]
[Black "Bulano, Alexander"]
[Result "0-1"]
[WhiteElo "2016"]
[BlackElo "1781"]
[PlyCount "50"]
[EventDate "2011.02.18"]
[EventType "swiss"]
[EventRounds "7"]
[EventCountry "GER"]
[SourceTitle "CBM 141 Extra"]
[Source "ChessBase"]
[SourceDate "2011.05.03"]
[SourceVersion "1"]
[SourceVersionDate "2011.05.03"]
[SourceQuality "1"]

1. Nf3 g6 2. d4 Bg7 3. e4 d6 4. Bd3 Nd7 5. 0-0 c5 6. c3 Qc7 7. Be3 Ngf6 8. h3 c4 9. Bc2 0-0 10. Nbd2 b5 11. a4 Rb8 12. axb5 Rxb5 13. Ra2 e5 14. dxe5 Nxe5 15. Nxe5 dxe5 16. Rxa7 Bb7 17. Qa1 Rb8 18. Ba4 Ra5 19. Rxa5 Qxa5 20. Nxc4 Qc7 21. Na3 Bxe4 22. Re1 Qb7 23. Nb5 Bxg2 24. Nd6 Qf3 25. Qa2 Bxh3 0-1